000 00481nam a2200169Ia 4500
999 _c7520
_d7520
003 OSt
005 20200128133501.0
008 190216s9999||||xx |||||||||||||| ||und||
020 _a9788121924627
040 _coclc
082 _a658.5
_bTEL/P
100 _aTelsang, Martand T
_91289
245 0 _aProduction Management /
_cMartand T Telsang
260 _bS Chand & Co,
_c2008.
_aNew Delhi:
300 _a528p
942 _cBK
_2ddc
_h658.5
_iTEL/P
_k658.5
_mTEL/P